¡Ja tornan! : pessa patriótica en un acte / (Record no. 154072)

MARC details
000 -LEADER
campo de control de longitud fija 01028nam a22001935i 4500
001 - NÚMERO DE CONTROL
campo de control 154072
003 - IDENTIFICADOR DE NÚMERO DE CONTROL
campo de control ES-MaACL
005 - FECHA Y HORA DE LA ÚLTIMA TRANSACCIÓN
campo de control 20230906205517.0
008 - DATOS DE LONGITUD FIJA--INFORMACIÓN GENERAL
campo de control de longitud fija 051019s1860 sp | |||||||| ||cat d
040 ## - FUENTE DE CATALOGACIÓN
Centro catalogador/agencia de origen CAM
Lengua de catalogación spa
Centro/agencia transcriptor CAM
100 1# - ENTRADA PRINCIPAL--NOMBRE DE PERSONA
Nombre de persona Ferrer Fernández, Joseph Antoni.
9 (RLIN) 127063
245 11 - MENCIÓN DEL TÍTULO
Título ¡Ja tornan! : pessa patriótica en un acte /
Mención de responsabilidad, etc. original y en vers de Joseph Antoni Ferrer Fernández ; coros de Francisco Porcell ; bailables per Francisco Llampallas.
260 ## - PUBLICACIÓN, DISTRIBUCIÓN, ETC.
Lugar de publicación, distribución, etc. Barcelona :
Nombre del editor, distribuidor, etc. [s.n.],
Fecha de publicación, distribución, etc. 1860 (
Fabricante Impr. de la Publicitat de Antoni Flotats)
300 ## - DESCRIPCIÓN FÍSICA
Extensión [4] p., p. 87-108, [4] p. ;
Dimensiones 18 cm.
500 ## - NOTA GENERAL
Nota general En port.: Estrenada en lo Gran Teatro del Liceo pera obsequiar als Voluntaris de Catalunya á la tornada de la campanya de Africa.
700 1# - ENTRADA AGREGADA--NOMBRE PERSONAL
Nombre de persona Porcell, Francisco.
9 (RLIN) 131283
700 1# - ENTRADA AGREGADA--NOMBRE PERSONAL
Nombre de persona Llampallas, Francisco.
9 (RLIN) 128993
852 ## - LOCALIZACIÓN
Ubicación ES-MaACL
Número de control de estantería F-8618(2)
Nota libre -- Enc. pasta española
-- -- Enc. en un vol. facticio formando parte de la col. facticia "Teatro español moderno", vol. 73
condición física .- Falto de la cub. original
Holdings
Estatus retirado Estado de pérdida Estado de daño No para préstamo Colección Biblioteca de origen Biblioteca actual Ubicación en estantería Fecha de adquisición Total de préstamos Signatura topográfica completa Código de barras Visto por última vez Precio de reemplazo Tipo de ítem Koha
        Libros del s. XIX Biblioteca del Ateneo de Madrid Biblioteca del Ateneo de Madrid Sala Pecera Planta 2 17/01/2008   F-8618(2) 1161103 23/02/2023 23/02/2023 Libro impreso antiguo